00633nam a2200169 4500001000700000003000900007005001700016007000300033008004100036100003400077245009800111260004900209300003400258852003100292999001900323952012100342148821ES-MaACL20230906202826.0t|070214s1950 ag r ||||1| spa d1 aSuárez, Jorge R. E.910856613aEl volumen-minuto cardíaco en condiciones normales y patológicas /cJorge R. E. Suárez. aBuenos Aires : bEl Ateneo, c1950 (fLumen) aXX, 450 p. : bil. ; c27 cm. aES-MaACLjD-7072 bR.31606 c148821d148821 00104070aATENEOMbATENEOMcSVId2008-01-17eSCl0oD-7072p901155303r2023-02-23 00:00:00w2023-02-23yMONOGRAFIA